| 000 | 01283nam a2200313 i 4500 | ||
|---|---|---|---|
| 001 | 162667 | ||
| 003 | ES-MaACL | ||
| 005 | 20251003183414.0 | ||
| 008 | 010410s1615 fr |||| | lat d | ||
| 100 | 1 |
_aPsellus, Michael. _994101 |
|
| 245 | 1 | 0 |
_aMichaelis Pselli, De operatione daemonum dialogus / _cGilbertus Gaulminus ... primus graecè edidit [et] notis illustrauit ; [latina Pselli interpretatio Petri Morelli]. |
| 260 |
_aLutetiae Parisiorum : _bSumptibus Hieronymi Drouart ... sub scuto Solari, _c1615. |
||
| 300 |
_a[8], 153 [i.e. 177], [14] p., [1] en bl. ; _c18 cm. |
||
| 546 | _aTexto en griego y latín. | ||
| 594 | _aTrad. tomado de dedicatoria. | ||
| 594 | _aPrecede al tít. el mismo en caracteres griegos. | ||
| 596 | _aMarca tip. en port. | ||
| 597 | _aSign.: a4, A-Z4, e4. | ||
| 597 | _aError de pag., de p. 136 pasa a 113. | ||
| 597 | _aTexto con apostillas marginales. | ||
| 597 | _aLas notas con portadilla propia. | ||
| 650 | 0 | 7 |
_aDemonología _2embne _911589 |
| 700 | 1 |
_aGaulmin, Gilbert, _d1585-1665 _9127262 |
|
| 700 | 1 |
_aMorel, Pierre. _9130162 |
|
| 700 | 1 |
_aDrouart, Jerome. _9223720 |
|
| 740 | 0 | _aDe operatione daemonum dialogus. | |
| 852 |
_aES-MaACL _jR-926 _z-- Enc. perg. _x Olim: G-1391 |
||
| 999 |
_c162667 _d162667 |
||